00469nam a2200193Ia 4500008004100000020001800041050001400059100001700073245002800090245003100118260001500149260001600164260000900180300001500189300002700204300001000231440002600241500000800267170918s9999 xx 000 0 und d a9780590414272 bC689 1989 aCole, Joanna aInside the human body / cJoanna Cole & Bruce Degen. aNew York : bScholastic, c1989 a40 pages : bcolored illustration ; c21cm. aThe magic school bus. a520